Early childhood environment rating scale (Record no. 25642)

MARC details
000 -LEADER
fixed length control field 00696nam a22002177a 4500
003 - CONTROL NUMBER IDENTIFIER
control field OSt
005 - DATE AND TIME OF LATEST TRANSACTION
control field 20260630122750.0
008 - FIXED-LENGTH DATA ELEMENTS--GENERAL INFORMATION
fixed length control field 260630b |||||||| |||| 00| 0 eng d
020 ## - INTERNATIONAL STANDARD BOOK NUMBER
International Standard Book Number 9780807755709
040 ## - CATALOGING SOURCE
Transcribing agency Chuka university library
050 ## - LIBRARY OF CONGRESS CALL NUMBER
Classification number LB 3011.5
Item number .H37 2015
100 ## - MAIN ENTRY--PERSONAL NAME
Personal name Harms, Thelma
9 (RLIN) 32087
245 ## - TITLE STATEMENT
Title Early childhood environment rating scale
250 ## - EDITION STATEMENT
Edition statement 3rd Ed
260 ## - PUBLICATION, DISTRIBUTION, ETC.
Place of publication, distribution, etc. new yorkl
Name of publisher, distributor, etc. teachers college press
Date of publication, distribution, etc. 2015
300 ## - PHYSICAL DESCRIPTION
Extent various pages
Other physical details illustrated
650 ## - SUBJECT ADDED ENTRY--TOPICAL TERM
Topical term or geographic name entry element classroom environment--united states--evaluation
9 (RLIN) 32088
650 ## - SUBJECT ADDED ENTRY--TOPICAL TERM
Topical term or geographic name entry element Early childhood education --united states --evaluation
9 (RLIN) 32089
700 ## - ADDED ENTRY--PERSONAL NAME
Personal name Clifford Richard M
9 (RLIN) 32090
942 ## - ADDED ENTRY ELEMENTS (KOHA)
Source of classification or shelving scheme Library of Congress Classification
Koha item type Long Loan Books
Suppress in OPAC No
Holdings
Withdrawn status Lost status Source of classification or shelving scheme Damaged status Not for loan Collection Home library Current library Shelving location Date acquired Source of acquisition Cost, normal purchase price Total Checkouts Full call number Barcode Date last seen Price effective from Koha item type
    Library of Congress Classification     General Collection Books Main Campus Library Main Campus Library General Stacks 30/06/2026 Donations from Books for Africa 2684.49   LB 3011.5 .H37 2015 36516/2026 30/06/2026 30/06/2026 Long Loan Books

Powered by Koha